| 000 | 02604nam a2200277 i 4500 | ||
|---|---|---|---|
| 003 | DO-SdBNP | ||
| 005 | 20250401110712.0 | ||
| 007 | ta | ||
| 008 | 210219b2011 dr |||||r|||| 001 0 spa d | ||
| 020 | _a9789945447576 | ||
| 040 |
_aDO-SdBNP _bspa _cBNPHU _erda |
||
| 082 | 4 |
_axxx _bD618c _222 |
|
| 245 | 0 | 3 |
_aLa diversidad cultural en América, Åfrica y el Caribe : _bproblemática y perspectivas para su protección y promoción / _ccoordinador, José G. Guerrero |
| 264 | 4 |
_aSanto Domingo : _bEditora Universitaria-UASD _c©2011. |
|
| 300 |
_a238 páginas ; _c22 cm |
||
| 336 |
_atexto _btxt _2rdacontent |
||
| 337 |
_asin mediación _bn _2rdamedia |
||
| 338 |
_avolumen _bnc _2rdacarrier |
||
| 500 | _aColoquio internacional sobre la diversidad cultural y el desarrollo entre Åfrica, América, y el Caribe y su diáspora: de la ratificación a la implementación de la Convención de la UNESCO sobre la protección y la promoción de la diversidad de las expresiones culturales. | ||
| 504 | _aBibliografía : páginas 221-224 | ||
| 505 | 2 |
_aIntroducción-- _tDiscurso inaugural-- _tLa UASD y la diversidad cultural-- _tProblemática etno-histórica de la diversidad cultural-- _tLa diversidad cultural en Åfrica, América y el Caribe. _tFuentes históricas de la diversidad cultural y problemas actuales ligados a la colonización de Åfrica negra-- _tDebate sobre esclavitud y cultura-- _tDiversidad cultural en el Caribe-- _tIdentidad y sus matices en un Caribe afroamericano-- _tMigraciones intercoloniales de esclavos en el Caribe y procesos de identidad y solidaridad en comunidades de negros libres-- _tEstéticas afrocaribeñas y la valoración de la diversidad-- _tDiversidad cultural en Jamaica y el Caribe inglés-- _tDebate sobre las etnias africanas-- _tDiversidad cultural en Haití y República Dominicana-- _tDiversidad cultural, Estados Unidos y la élite haitiana (1860-1898)-- _tClases sociales, prejuicio y diversidad cultural en Santo Domingo-- _tMigración, racismo e identidad en Santo Domingo-- _tImplementación de la convención de la diversidad cultural. el Estado y la convención de la diversidad cultural-- _tPanorama del patrimonio cultural inmaterial. _tDiversidad cultural e investigación en República Dominicana-- _tExperiencias en la implementación de la convención de la diversidad cultural-- _tDebate sobre la diversidad cultural y su implementación-- _tExpositores según orden de ponencia. |
|
| 590 | _aInventariado, 2025/BT | ||
| 700 |
_aGuerrero , José G., _ecoordinador _4coord. _977864 |
||
| 710 | 2 | _4Universidad Autónoma de Santo Domingo (UASD) | |
| 942 |
_2ddc _cLBS1 |
||
| 999 |
_c49415 _d49415 |
||